00261nam a22000977a 4500008004100000082001900041245003000060260003500090300001200125440002600137230703b xxu||||| |||| 00| 0 eng d a348.bCLB 1989 aCommonwealth Law Bulletin bCommonwealth Secretariatc1989 aXL,621p n1 and 2v22x03050718